Escuela y cooperativismo /
Guardado en:
| Autor Principal: | |
|---|---|
| Formato: | Libro |
| Publicado: |
Rosario :
Idelcoop,
1987
|
| Edición: | 2a. ed. |
| Materias: | |
| Etiquetas: |
Agregar Etiqueta
Sin Etiquetas, Sea el primero en etiquetar este registro!
|
| LEADER | 00519nam a22001935a 4500 | ||
|---|---|---|---|
| 001 | CEM.cems000832 | ||
| 005 | 20060210000000.0 | ||
| 008 | 130507s1987##################000#0#####d | ||
| 003 | CEMS | ||
| 082 | 0 | 4 | |a 371 |
| 100 | 1 | |a Barbato de Collard, Orieta | |
| 245 | 1 | 0 | |a Escuela y cooperativismo / |
| 250 | |a 2a. ed. | ||
| 260 | |a Rosario : |b Idelcoop, |c 1987 | ||
| 300 | |a 176 p. | ||
| 653 | |a Cooperativismo | ||
| 653 | |a Educacion | ||
| 653 | |a Escuela y cooperativismo | ||
| 859 | |a CEMS |b BIB. CEMS - 11 de abril |h 371 |i B234 |p 16763.92 |t Ej.1 | ||
